| 000 | 00764cam a2200277 i 4500 | ||
|---|---|---|---|
| 001 | 16751 | ||
| 003 | DO-SdUEMH | ||
| 005 | 20251229152402.0 | ||
| 007 | ta | ||
| 008 | 211105s1987 xxua|||gr|||| 001 0 spa|d | ||
| 020 | _a0933543085 | ||
| 040 |
_aDO-SdUEMH _bspa _erda |
||
| 041 | _aspa | ||
| 082 | 1 | 4 |
_mCG _a297.122 _bC828c |
| 084 | _b08-01050 | ||
| 100 |
_aCortés, Julio _eaut |
||
| 245 | 1 | 0 |
_aEl Corán / _cJulio Cortés ; traducción: Julio Cortés ; edición: Julio Cortés |
| 260 | _c1987 | ||
| 264 | 0 | 1 |
_aNew York, Estados Unidos : _c1987 |
| 300 |
_av, 634 paginas : _bIlustraciones ; _c23 cm |
||
| 336 |
_2rdacontent _atexto _btxt |
||
| 337 |
_2rdamedia _asin mediación _bn |
||
| 338 |
_2rdacarrier _avolumen _bnc |
||
| 942 |
_2ddc _cBK _n0 |
||
| 999 |
_c16751 _d16751 |
||